| 000 | 00357nam a2200145Ia 4500 | ||
|---|---|---|---|
| 008 | 230917s9999||||xx |||||||||||||| ||und|| | ||
| 040 |
_e43117 _aMAIN |
||
| 041 | _aEnglish | ||
| 082 | _a821.8 Y34P:L | ||
| 100 | _aPrasad, B N | ||
| 245 | 4 | _aThe literary criticism of W B Yeats | |
| 260 |
_aNew Delhi _bClassical _c1985 |
||
| 300 | _ax, 255 p. | ||
| 942 | _cBK | ||
| 999 |
_c47037 _d47037 |
||